Ends in 'AA' to 'ZA' Quiz Stats

 Plays Quiz Updated Mar 9, 2016

Challenge
Share
Tweet
Embed
Score 0/26 Timer 06:00
0 Plays Today
Hint Answer % Correct
The most popular ice cream flavourvanilla
94.7%
Hawaiian greetingaloha
93.6%
Her hits include Bad Romance and Poker FaceLady Gaga
93.2%
Jedi masterYoda
84.5%
A state of deep unconsciousnesscoma
83.1%
Baked dough topped with sauce and cheesepizza
83%
Weed; ganjamarijuana
80.2%
Orange-fleshed tropical fruitpapaya
77.6%
Explosive fate of a large starsupernova
77.5%
A US stateIowa
77.3%
Region or vicinityarea
73.3%
Pacific island nationSamoa
72.8%
December holidayKwanzaa
72.3%
Hint Answer % Correct
Greek for 'I have found it'eureka
71.9%
Famous document of 1215Magna Carta
71.9%
One trained in ancient Japanese martial artsninja
68.4%
Lightweight woodbalsa
66.7%
This infectious disease is treated with quininemalaria
61.8%
A Canadian provinceManitoba
59.4%
x^2 + 2x − 3 = (x+3) (x-1), for examplealgebra
53.2%
Mouth organharmonica
51.3%
Body-covering woman's garmentburqa
51%
Central American nationNicaragua
50.6%
This labor leader vanished mysteriously in 1975Jimmy Hoffa
47.4%
Galilean satellite of JupiterEuropa
42.5%
Internet traffic websiteAlexa
8.5%

You're not logged in!

Compare scores with friends on all Sporcle quizzes.
Join for Free
OR
Log In

You Might Also Like...

Show Comments

Extras

Top Quizzes Today


Score Distribution

Your Account Isn't Verified!

In order to create a playlist on Sporcle, you need to verify the email address you used during registration. Go to your Sporcle Settings to finish the process.

Report this User

Report this user for behavior that violates our Community Guidelines.

Details: